000 00588nam a2200181Ia 4500
008 100917s9999 xx 000 0 und d
082 _b25091
100 _aबोरकर लक्ष्मीदास
245 _aहिप्पी एक भंकसगिरी
260 _bप्रिया प्रकाशन
_c1975
300 _a97
365 _b9
520 _aचरित्र
630 _aहिप्पी एक भंकसगिरी
650 _aचरित्र
730 _aहिप्पी एक भंकसगिरी
942 _cBOOK
999 _c630485
_d630482